| 000 | 00672nam a22002052 4500 | ||
|---|---|---|---|
| 001 | 0000007340 | ||
| 005 | 20151217155833.0 | ||
| 008 | 080110s xx 000 0 eng d | ||
| 020 | _cKES | ||
| 040 |
_aKABU _cKABU |
||
| 110 | 2 |
_aKenya. _bCentral Bureau of Statistics. _@0000149899 |
|
| 245 | 1 | 0 |
_aPopulation projection for Kenya 1980 - 2000 / _cCentral Bureau of Statistics. |
| 260 |
_aNairobi : _bUnicef, _c1983. |
||
| 300 | _a172 p. | ||
| 650 | 0 |
_aPopulation forecasting _vStatistics _zKenya. _@0000158564 |
|
| 650 | 0 |
_aKenya _bPopulation _vStatistics. _@0000158560 |
|
| 908 | _a080110 | ||
| 950 | _@1 | ||
| 999 |
_c13078 _d13078 |
||